Представление документа в формате MARC21

Поле Инд. ПП Название Значение
Тип записи a
Библиографический уровень m
001 Контрольный номер RU/LIBMSTU/229614679
005 Дата корректировки 20140505124925.5
008 Кодируемые данные 070416|||||||||ru |||||||||||000|||rus||
020 a ISBN 5-93295-166-4
c Цена, тираж 50-00
040 b Код языка каталог. rus
e Правила каталог. RSBO
041 a Код языка текста rus
084 a Индекс другой классификации/Индекс ББК 67.410.212
090 a Полочн. индекс 67.410.2
x Авторский знак Т 59
100 1_ a Автор Торбин Ю. Г.
245 10 a Заглавие Освидетельствование как способ собирания доказательств на стадии предварительного расследования
260 a Место издания Москва
b Издательство Юрлитинформ
c Дата издания 2005
300 a Объем 230, [1] с.
440 a Серия Библиотека криминалиста
650 a Основная рубрика Уголовное процессуальное право Российской Федерации
653 a Ключевые слова Доказывание в уголовном процессе
a Ключевые слова Освидетельствование
a Ключевые слова Предварительное расследование
a Ключевые слова Уголовное судопроизводство
a Ключевые слова Уголовный процесс
901 t Тип документа m